Indonesia... or Malaysia? - Statistics

General Stats
  • This quiz has been taken 45 times
  • The average score is 10 of 15
Answer Stats
Question Answer % Correct
Is larger Indonesia
98%
Has more people Indonesia
96%
Is further south Indonesia
87%
Contains land on the island of Borneo Both
80%
Is a part of ASEAN Both
80%
Borders Brunei Malaysia
80%
Is completely on islands Indonesia
78%
Has a higher GDP per capita Malaysia
76%
Has a higher life expectancy Malaysia
76%
Is majority Muslim Both
71%
Is part of the Indochina peninsula Malaysia
58%
Has wild orangutans Both
51%
Has a higher average elevation Malaysia
38%
Has a mega city Indonesia
33%
Has a higher percentage of rainforest Malaysia
29%
No matching quizzes found
Score Distribution
Percent of People with Each Score
Percentile by Number Answered
Your Score History
You have not taken this quiz